00381nam a2200121Ia 4500008004100000082002000041100001600061245003400077260002900111300001000140630001800150650009100168211109s9999||||xx |||||||||||||| ||und|| a894.8123bVAR-O aVarkey, T V 0aOru Durandathinte Thirakkatha bDC BooksaKottayamc1900 a110p. xGeneral Stack aMalayalam literaturevMalayalam fictionxMalayalam novelLiterature & rhetoricMalayalam